| 000 | 00522cam a2200181ua 4500 | ||
|---|---|---|---|
| 020 | _a8185099154 | ||
| 082 |
_a621.9 _bHAJ/EL |
||
| 100 |
_aHajara choudhary, S K . _91292 |
||
| 245 | _aElements of Workshop Technology: vol-2 Machine Tools / | ||
| 250 | _a7 / 13 th rev & en | ||
| 260 |
_aMumbai : _bMedia Promoters and Publishers Pvt Ltd , _c1985,2013 |
||
| 300 | _a648 ; . | ||
| 500 | _a*CSS | ||
| 700 | 1 |
_aBose, S K. _91293 |
|
| 700 | 1 |
_aHajra Choudhury, A K. _91294 |
|
| 700 | 1 |
_aNirjhar Roy _91295 |
|
| 942 | _cBK | ||
| 999 |
_c9207 _d9207 |
||